Tấm gương cong : tập truyện hài hước

Gespeichert in:
Bibliographische Detailangaben
1. Verfasser:  Frigyes, Karinthy
Format: Sách
Sprache:Undetermined
Veröffentlicht:  Lao động  2016
Schlagworte:
Tags: Tag hinzufügen
Keine Tags, Fügen Sie den ersten Tag hinzu!
Thư viện lưu trữ: Trung tâm Thư viện - Trường Đại học Công nghiệp TP. Hồ Chí Minh
LEADER 00535nam a2200157Ia 4500
001 UIH_04986
008 231011s9999 xx 000 0 und d
082 |a  894.511 
100 |a  Frigyes, Karinthy 
245 0 |a  Tấm gương cong : tập truyện hài hước 
245 0 |c  Frigyes, Karinthy 
260 |b  Lao động 
260 |c  2016 
650 |a  Truyện hài Hungary; Văn học Hungary;  
927 |a Sách 
980 |a Trung tâm Thư viện - Trường Đại học Công nghiệp TP. Hồ Chí Minh